header

Kinship networks among Hmong-American refugees (Record no. 103503)

MARC details
000 -LEADER
fixed length control field 01582nam a22003734a 4500
082 04 - DEWEY DECIMAL CLASSIFICATION NUMBER
Classification number 305.895/942073
100 1# - MAIN ENTRY--AUTHOR NAME
Personal name Keown-Bomar, Julie,
245 10 - TITLE STATEMENT
Title Kinship networks among Hmong-American refugees
260 ## - PUBLICATION, DISTRIBUTION, ETC. (IMPRINT)
Place of publication New York :
Name of publisher LFB Scholarly Pub.,
Year of publication 2004.
300 ## - PHYSICAL DESCRIPTION
Number of Pages x, 193 p.
490 1# - SERIES STATEMENT
Series statement The new Americans
505 0# - FORMATTED CONTENTS NOTE
Formatted contents note Doing kinship -- Hmong history and culture -- Rupture and resilience -- We know the way to be human -- Gender, the family, and change -- Lessons for the future.
650 #0 - SUBJECT ADDED ENTRY--TOPICAL TERM
Topical Term Refugees
Topical Term Hmong Americans
Topical Term Kinship
Topical Term Hmong (Asian people)
856 40 - ELECTRONIC LOCATION AND ACCESS
Uniform Resource Identifier http://site.ebrary.com/lib/rucke/Doc?id=10115158

No items available.

© 2026 Rongo University
Contact us: librarian | system librarian | Rongo university